00338nam a2200157Ia 4500003000900000008004100009040001300050040001300063245003300076245001100109250001300120260001100133300000800144490000600152600002200158IT-RoPAU120407s9999 xx 000 0 und d aIT-RoPAU cIT-RoPAU aLa Sacra Bibbia - Pentateuco cAA.VV. aFirenze  aSalani c cm v1 auna copia a parte